000 01090nam a22002777a 4500
005 20240530110452.0
008 150331s2009 ua ao a 000 0 ara d
017 _a16885/2009
_bمصر . دار الكتب المصرية
020 _a9789770926782
040 _aEG-CaGPL
082 0 4 _221
_a001.2
_bط/ب ف
100 1 _aبرينيفييه ، اوسكار
245 1 2 _aالجمال و الفن ما هما ؟
_cتاليف اوسكار برينيفييه ؛ رسوم ريمى كورجون ؛ ترجمة ميريام رزق الله
260 _aالقاهرة :
_bدار الشروق ،
_c2009.
300 _a96 ص :
_bصور ؛
_c19 سم.
490 _aالفيلسوف الصغير
650 0 4 _aكتب الاطفال
650 0 4 _aتعليم الاطفال
650 0 4 _aالمعرفة
_xكتب اطفال
650 0 4 _aالفن
_xكتب اطفال
650 0 4 _aالجمال
_xكتب اطفال
700 1 _aكورجون ، ريمى
_eرسام
700 0 _aميريام رزق الله
_eمترجم
942 _2ddc
_cBK
999 _c61280
_d61280